000 00779nam a2200265Ia 4500
005 20250425161757.0
008 250425s9999 xx 000 0 und d
020 _a9684222572
041 _aspa
082 _a670.42
100 _aBRALLA, JAMES G.
245 0 _aMANUAL DE DISEÑO DE PRODUCTO PARA MANUFACTURA: GUIA PRACTICA PARA PRODUCCION A BAJO COSTO
250 _a1A ED.
260 _aMEXICO
260 _aMéxico
_bMCGRAW-HILL
_c1993
300 _a393
500 _aConsultar inv. D-24385 v.3 en BIBTEC
500 _aTítulo Traducido: HANDBOOK OF PRODUCT DESIGN FOR MANUFACTURING
650 _aACABADO DE METALES
650 _aPIEZAS MOLDEADAS
650 _aPROCESOS DE MANUFACTURA
650 _aPROCESOS DE MONTAJE
942 _c01
010 _a28626
999 _c215915
_d215915